THE REACH OF THE MIND (Record no. 9410)
[ view plain ]
| 000 -LEADER | |
|---|---|
| fixed length control field | 00886cam a22002891 4500 |
| 001 - CONTROL NUMBER | |
| control field | 4055054 |
| 003 - CONTROL NUMBER IDENTIFIER | |
| control field | OSt |
| 005 - DATE AND TIME OF LATEST TRANSACTION | |
| control field | 20260429103119.0 |
| 008 - FIXED-LENGTH DATA ELEMENTS--GENERAL INFORMATION | |
| fixed length control field | 730102s1947 nyua 000 0 eng |
| 010 ## - LIBRARY OF CONGRESS CONTROL NUMBER | |
| LC control number | 47030743 |
| 035 ## - SYSTEM CONTROL NUMBER | |
| System control number | 4055054 |
| 040 ## - CATALOGING SOURCE | |
| Original cataloging agency | DLC |
| Transcribing agency | IRDP |
| Modifying agency | DLC |
| -- | OCoLC |
| 050 00 - LIBRARY OF CONGRESS CALL NUMBER | |
| Classification number | BF1031 |
| Item number | .R38 |
| 082 00 - DEWEY DECIMAL CLASSIFICATION NUMBER | |
| Classification number | 304,2 RHI |
| 100 1# - MAIN ENTRY--PERSONAL NAME | |
| Personal name | RHINE, J. B/ |
| Fuller form of name | (Joseph Banks), |
| Dates associated with a name | 1895-1980. |
| 245 14 - TITLE STATEMENT | |
| Title | THE REACH OF THE MIND |
| Statement of responsibility, etc. | J.B. RHINE |
| 260 ## - PUBLICATION, DISTRIBUTION, ETC. (IMPRINT) | |
| Place of publication, distribution, etc. | NEW YORK |
| Name of publisher, distributor, etc. | WILLIAM SLOANE ASSOCTATES INC |
| Date of publication, distribution, etc. | [1947] |
| 300 ## - PHYSICAL DESCRIPTION | |
| Extent | [5] l., 3-234 p. |
| Other physical details | illus. |
| Dimensions | 22 cm. |
| 336 ## - CONTENT TYPE | |
| Content type term | text |
| Content type code | txt |
| Source | rdacontent |
| 337 ## - MEDIA TYPE | |
| Media type term | unmediated |
| Media type code | n |
| Source | rdamedia |
| 338 ## - CARRIER TYPE | |
| Carrier type term | volume |
| Carrier type code | nc |
| Source | rdacarrier |
| 500 ## - GENERAL NOTE | |
| General note | "Additional reading": p. [225]-[226] |
| 650 #0 - SUBJECT ADDED ENTRY--TOPICAL TERM | |
| Topical term or geographic name as entry element | Parapsychology. |
| 906 ## - LOCAL DATA ELEMENT F, LDF (RLIN) | |
| a | 7 |
| b | cbc |
| c | orignew |
| d | u |
| e | ocip |
| f | 19 |
| g | y-gencatlg |
| 942 ## - ADDED ENTRY ELEMENTS (KOHA) | |
| Source of classification or shelving scheme | Dewey Decimal Classification |
| Koha item type | BOOKS |
| Withdrawn status | Lost status | Source of classification or shelving scheme | Damaged status | Not for loan | Home library | Current library | Date acquired | Total Checkouts | Full call number | Barcode | Date last seen | Price effective from | Koha item type |
|---|---|---|---|---|---|---|---|---|---|---|---|---|---|
| Dewey Decimal Classification | Dodoma | Dodoma | 29/04/2026 | 304,2 RHI | LIB002864 | 29/04/2026 | 29/04/2026 | BOOKS |
